| 000 | 00807nam a22001937a 4500 | ||
|---|---|---|---|
| 999 |
_c176285 _d176285 |
||
| 005 | 20201209160246.0 | ||
| 010 | _aUR-10959 | ||
| 020 |
_c400.00 _a9789390100156 |
||
| 035 | _aU-9514 | ||
| 037 | _bDBAD/PUB | ||
| 082 | _a410.440 | ||
| 100 | _aشيخ عبد ا لغنی | ||
| 245 |
_aسنسکر ت ا و ر ا ر د و کے لسا نی و ا د بی ر و ا بط و تہز يبی ہم آ ہنگی _cشيخ عبد ا لغنی |
||
| 246 |
_bSanskrit Aur Urdu Ke Lisaani Wa Adabi Rawaabit wa Tehzeebi Hum Aahangi (Urdu) _aby Shaikh Abdul Ghani |
||
| 260 |
_aN.Delhi _bEducational Publishing House _c2020 ء |
||
| 270 |
_aH.O.D1/16,Ansari Road,Darya ganj, _bN.Delhi _e110002 _k45678285,23216162 _l0091-11-23211540 |
||
| 300 |
_a183 ص _c22 Cm(Hb) |
||
| 942 |
_2ddc _cUR _h410.440 _mش ے خ |
||